书目信息 |
| 题名: |
海明威
|
|
| 作者: | 伯吉斯 , 刁绍华 著 | |
| 分册: | ||
| 出版信息: | 沈阳 辽宁人民出版社 1980 |
|
| 页数: | 89页 | |
| 开本: | 26cm | |
| 丛书名: | 外国文学评介丛书 | |
| 单 册: | ||
| 中图分类: | K837.125.6 | |
| 科图分类: | ||
| 主题词: | 作家--传记--美国 | |
| 电子资源: | ||
| ISBN: | ||
| 000 | 00674nam2 2200253 45 | |
| 001 | 0203251492 | |
| 005 | 20060628153728.45 | |
| 010 | @dCNY0.24 | |
| 100 | @a20020325d1980 km y0chiy0120 ea | |
| 101 | 0 | @achi |
| 102 | @aCN@b210000 | |
| 102 | @aCN@b210000 | |
| 105 | @aa z 000yb | |
| 200 | 1 | @a海明威@AHai Ming Wei@f刁绍华著@Fdiao shao hua zhu |
| 210 | @a沈阳@c辽宁人民出版社@d1980 | |
| 215 | @a89页@c图@d26cm | |
| 225 | @a外国文学评介丛书 | |
| 410 | @12001 @a外国文学评介丛书 | |
| 606 | 0 | @a作家@x传记@y美国 |
| 690 | @aK837.125.6@v4 | |
| 701 | 0 | @a伯吉斯@4著 |
| 701 | 0 | @a刁绍华@Adiao shao hua@4著 |
| 801 | @aCN@bTSTC@c20060628 | |
| 905 | @dK837.125.6@e363DH | |
| 海明威/刁绍华著.-沈阳:辽宁人民出版社,1980 |
| 89页:图;26cm.-(外国文学评介丛书) |
| ISBN :CNY0.24 |
| ● |
| 相关链接 |
|
|
|
|
正题名:海明威
索取号:K837.125.6/363DH
 
预约/预借
| 序号 | 登录号 | 条形码 | 馆藏地/架位号 | 状态 | 备注 |
| 1 | 0421078 | 204210781 | 密集书库/ [索取号:K837.125.6/363DH] | 在馆 |